[Event "Open"]
[Site "Santo Domingo DOM"]
[Date "2006.11.01"]
[Round "3"]
[White "Mateo,Ra"]
[Black "Coplin,J"]
[Result "1-0"]
[WhiteElo "2415"]
[BlackElo "2117"]

1.d4 Nf6 2.Bg5 Ne4 3.Bf4 g5 4.Bc1 h6 5.f3 Nd6 6.e4 c5 7.Nc3 cxd4 8.Qxd4 Rg8
9.Bd3 Bg7 10.Qf2 Nc6 11.Nge2 Ne5 12.O-O Nxd3 13.cxd3 Qa5 14.Be3 Nb5 15.d4 Nxc3
16.Nxc3 d6 17.f4 gxf4 18.Qxf4 Qh5 19.Nd5 Bh3 20.Qg3 Rc8 21.Nf4 Qg4 22.gxh3  1-0

[Event "Venetian Autumn"]
[Site "Venice ITA"]
[Date "2006.11.03"]
[Round "1"]
[White "Cristiani,C"]
[Black "Faccia,S"]
[Result "1/2-1/2"]
[WhiteElo "2163"]
[BlackElo "2023"]

1.d4 Nf6 2.Bg5 Ne4 3.Bf4 d5 4.e3 Bf5 5.Nf3 e6 6.Nbd2 Nd7 7.Nxe4 Bxe4 8.Bd3 Nf6
9.O-O Bd6 10.Ne5 O-O 11.Bg5 Be7 12.Bxf6 Bxf6 13.Bxe4 dxe4 14.Nc4 Qd5 15.Nd2 c5
16.c3 cxd4 17.exd4 Bg5 18.Re1 f5 19.Nf1 f4 20.c4 Qf5 21.Qe2 Rac8 22.b3 e3
23.fxe3 Bh4 24.g3 fxg3 25.hxg3 Be7 26.e4 Qh3 27.Qg2 Qh6 28.e5 Rf7 29.Re2 Bg5
30.Qh1 Qg6 31.Qe4 Rf5 32.Nh2 Rcf8 33.Rf1 Bf4 34.Rg2 Bxg3 35.Rxf5 Bxh2+ 36.Kxh2 Qh6+
37.Kg1 Qc1+ 38.Kh2 Qh6+ 39.Kg1 Qc1+  1/2-1/2

[Event "Venetian Autumn"]
[Site "Venice ITA"]
[Date "2006.11.04"]
[Round "3"]
[White "Cristiani,C"]
[Black "Bonafede,A"]
[Result "0-1"]
[WhiteElo "2163"]
[BlackElo "2205"]

1.d4 Nf6 2.Bg5 Ne4 3.Bf4 c5 4.f3 Qa5+ 5.c3 Nf6 6.Nd2 cxd4 7.Nb3 Qd8 8.cxd4 d5
9.Rc1 Nc6 10.e3 e6 11.Bd3 Bb4+ 12.Kf2 O-O 13.Bg3 Bd6 14.f4 Ne4+ 15.Ke2 Nb4
16.Bb1 Bd7 17.a3 Bb5+ 18.Ke1 Nc6 19.Ne2 f5 20.Nc3 Nxc3 21.Rxc3 Ba4 22.Bc2 Bxb3
23.Bxb3 Na5 24.Kf2 b5 25.Rc1 Qd7 26.Qd3 Rfc8 27.Ke2 Nc4 28.Rc2 Rc7 29.Rhc1 Nxb2
30.Qd2 Nc4 31.Bxc4 bxc4 32.Qa5 Rb8 33.Be1 Qb5 34.Qxb5 Rxb5 35.Bb4 Bxb4 36.Rb1 a5  0-1

[Event "10th OIBM"]
[Site "Bad Wiessee GER"]
[Date "2006.11.05"]
[Round "2"]
[White "Georgiev,Vl"]
[Black "Keller,M1"]
[Result "1/2-1/2"]
[WhiteElo "2532"]
[BlackElo "2176"]

1.d4 Nf6 2.Bg5 Ne4 3.Bf4 d5 4.e3 e6 5.Bd3 Bd6 6.Bxe4 dxe4 7.Nc3 Bxf4 8.exf4 f5
9.f3 Nc6 10.Nce2 O-O 11.c3 b6 12.Ng3 Qd5 13.Qe2 Bb7 14.fxe4 fxe4 15.Nh3 a5
16.a3 a4 17.Qg4 e3 18.Nf1 Qe4 19.Ng5 Qxf4 20.Qxf4 Rxf4 21.Nxe3 h6 22.Nf3 Re4
23.Kf2 e5 24.d5 Ne7 25.Rad1 Rf8 26.Rhe1 Ref4 27.Kg1 Ng6 28.Rd2 Rxf3 29.gxf3 Nh4
30.Red1 Nxf3+ 31.Kg2 Nxd2 32.Rxd2 Rf4 33.Kg3 Re4 34.Kf3 Rf4+ 35.Kg3 Re4 36.Nc2 Kf7
37.Nb4 Ke7 38.Rf2 Re3+ 39.Kg2  1/2-1/2

[Event "Ataturk Festival Open"]
[Site "Adana TUR"]
[Date "2006.11.07"]
[Round "2"]
[White "Metin,O"]
[Black "Bagaturov,G"]
[Result "0-1"]
[WhiteElo "1970"]
[BlackElo "2472"]

1.d4 Nf6 2.Bg5 Ne4 3.Bf4 c5 4.f3 Qa5+ 5.c3 Nf6 6.Nd2 cxd4 7.Nb3 Qd8 8.cxd4 g6
9.e4 Bg7 10.Rc1 O-O 11.Bd3 d6 12.Ne2 Nc6 13.Qd2 a5 14.Be3 e5 15.d5 Nb4 16.a3 Nxd3+
17.Qxd3 Ne8 18.O-O f5 19.Nd2 Bd7 20.b4 f4 21.Bf2 axb4 22.axb4 g5 23.Nc4 Ra6
24.Na5 Qa8 25.Qb3 g4 26.Rc3 gxf3 27.gxf3 Bh3 28.Rfc1 Qd8 29.Kh1 Qg5 30.Rg1 Qh5
31.Qc2 Rf6 32.Nc1 Rh6 33.Be1 b6 34.Nab3 Kh8 35.Qf2 Bf6 36.Nd2 Bd8 37.b5 Ra7
38.Ne2 Ra5 39.Rb3 Ra1 40.Rb1 Rxb1 41.Nxb1 Bh4  0-1

[Event "Open"]
[Site "Liberec CZE"]
[Date "2006.11.15"]
[Round "6"]
[White "Karhanek,P"]
[Black "Krumphals,F"]
[Result "1-0"]
[WhiteElo "2241"]
[BlackElo "2142"]

1.d4 Nf6 2.Bg5 Ne4 3.Bf4 d5 4.e3 Bf5 5.f3 Nf6 6.c4 e6 7.Nc3 c6 8.Qb3 b6 9.g4 Bg6
10.h4 h5 11.g5 Nfd7 12.cxd5 exd5 13.Nxd5 cxd5 14.Qxd5 Bb4+ 15.Kf2 Nc6 16.Qxc6 Rc8
17.Qa4 Rc2+ 18.Kg3 Rxb2 19.Rh2 Rxh2 20.Kxh2 Bd2 21.Bh3 a6 22.Qc6 b5 23.Rd1 Bb4
24.Rc1 Ba3 25.Rc3 Bb4 26.Rb3 Bd2 27.Ne2 f6 28.Bc7 Qc8 29.Qe6+  1-0

[Event "ch-ESP Abierto"]
[Site "Leon ESP"]
[Date "2006.11.22"]
[Round "1"]
[White "Rodriguez Rodriguez,A"]
[Black "Marcos Robles,J"]
[Result "1-0"]
[WhiteElo "2297"]
[BlackElo "1728"]

1.d4 Nf6 2.Bg5 Ne4 3.h4 Nxg5 4.hxg5 d5 5.e3 e6 6.g6 fxg6 7.Bd3 Qg5 8.Nf3 Qf6
9.Ne5 Bd6 10.Nxg6 Rg8 11.Rxh7 Nc6 12.Qh5 Bd7 13.Ne5+ Kd8 14.Rh8 Rf8 15.f4 Be8
16.Rxf8 Qxf8 17.Qg4 Qf6 18.c3 Ne7 19.Nd2 c6 20.Ndf3 Nf5 21.Kd2 Rc8 22.Rh1 g6
23.Qh3 Rc7 24.g4 Ne7 25.g5 Qg7 26.Qxe6 Bd7 27.Qxd6  1-0

[Event "1st GMA Cup"]
[Site "Manila PHI"]
[Date "2006.11.22"]
[Round "8"]
[White "Torre,E"]
[Black "Sadorra,J"]
[Result "0-1"]
[WhiteElo "2552"]
[BlackElo "2374"]

1.d4 Nf6 2.Bg5 Ne4 3.Bf4 c5 4.f3 Qa5+ 5.c3 Nf6 6.Nd2 cxd4 7.Nc4 Qf5 8.Qxd4 d6
9.Qd2 Be6 10.e4 Qc5 11.Be3 Qc7 12.Na3 Nc6 13.Ne2 Rd8 14.Nf4 d5 15.Nb5 Qb8
16.e5 Nxe5 17.Bxa7 Qc8 18.Bb6 Rd7 19.Na7 Qa8 20.Nxe6 fxe6 21.Bb5 Nc6 22.Nxc6 bxc6
23.Bd3 Qb8 24.Bf2 e5 25.O-O e6 26.Rfe1 e4 27.Bf1 Bd6 28.g3 O-O 29.Bh3 Re7
30.f4 Qe8 31.Qe2 Nd7 32.b4 Qg6 33.Kh1 Qh6 34.Bg2 e5 35.f5 Rxf5 36.Be3 Qg6
37.Qa6 Nb8 38.Qa8 Qf7 39.a4 d4 40.cxd4 exd4 41.Bxd4 Qh5 42.Ra3 e3 43.h3 Bxg3
44.Raxe3 Rxe3 45.Bxe3 Bxe1 46.Qxb8+ Rf8 47.Qd6 Qh4 48.Bc5 Rd8 49.Qc7 Kh8
50.Bb6 Rf8 51.Bc5 Rd8 52.Bb6 Rg8 53.a5 Qxb4 54.Qxc6 Qb1 55.Kh2 Qa1 56.Qb5 Rb8
57.Qc5 Bc3 58.Qg1 Qa4 59.Bc7 Rc8 60.Qb6 Bd4 61.Qd6 Qa1 62.h4 Bg1+  0-1

[Event "19th Belgrade Trophy"]
[Site "Belgrade SRB"]
[Date "2006.11.23"]
[Round "2"]
[White "Nikolov,M"]
[Black "Jovanovic,Zo1 SCG"]
[Result "1-0"]
[WhiteElo "2448"]
[BlackElo "2267"]

1.d4 Nf6 2.Bg5 Ne4 3.Bf4 c5 4.f3 Qa5+ 5.c3 Nf6 6.Nd2 cxd4 7.Nb3 Qb6 8.Qxd4 Nc6
9.Qxb6 axb6 10.Nd4 e5 11.Nxc6 exf4 12.Nd4 Bc5 13.Nh3 Nd5 14.e4 fxe3 15.Bc4 Bxd4
16.Bxd5 Bc5 17.O-O-O b5 18.b4 Ba7 19.Bb3 d6 20.Nf4 O-O 21.Rhe1 Bd7 22.Nd5 Rae8
23.Re2 Re5 24.Kb2 h5 25.Nf4 Rfe8 26.Rxd6 Bc6 27.Bd5 Bb8 28.Bxc6 bxc6 29.Rxc6 Rd8
30.Kc2 h4 31.h3 g5 32.Nd3 Red5 33.Rxe3 Ba7 34.Re7 Bb8 35.Nc5 Rd2+ 36.Kb3 Rxg2
37.Ne4 Rd1 38.Rc8+ Kg7 39.Rxb8 Rb1+ 40.Ka3 Ra1 41.Rxb5  1-0

[Event "ch-ESP Abierto"]
[Site "Leon ESP"]
[Date "2006.11.24"]
[Round "3"]
[White "Vigil Alvarez,L"]
[Black "Andres Gonzalez,A"]
[Result "1/2-1/2"]
[WhiteElo "2324"]
[BlackElo "2426"]

1.d4 Nf6 2.Bg5 Ne4 3.Bf4 d5 4.e3 c5 5.c3 Nc6 6.Nd2 Nxd2 7.Qxd2 Bf5 8.Bd3 Bxd3
9.Qxd3 e6 10.Nf3 Qb6 11.Qc2 Rc8 12.Qb3 Be7 13.O-O O-O 14.Qxb6 axb6 15.Rad1 Na5
16.Rfe1 Nc4 17.Re2 Rfd8 18.h3 Bf8 19.Rc2 Ra8 20.a3 Rac8 21.Nd2 Nd6 22.Bxd6 Bxd6
23.Rdc1 Rc6 24.Kf1 Rdc8 25.Ke2 f5 26.Nf3 Kf7 27.Kd3 Kf6 28.h4 g6 29.Rg1 h5
30.Re2 Re8 31.g3 Ra8 32.Rc2 Rac8 33.Rgc1 R6c7 34.Rd1 Ra8 35.Rdc1 Ra4 36.Rd1 Ra8
37.Rdc1 Rac8 38.Rd1 Ra8 39.Rdc1 Rac8 40.Rd1  1/2-1/2

[Event "19th Belgrade Trophy"]
[Site "Belgrade SRB"]
[Date "2006.11.25"]
[Round "4"]
[White "Prelevic,D"]
[Black "Ruzicic,S"]
[Result "1-0"]
[WhiteElo "2320"]
[BlackElo "2079"]

1.d4 Nf6 2.Bg5 Ne4 3.h4 d5 4.Nd2 Nd6 5.Ngf3 h6 6.Bf4 Bf5 7.e3 e6 8.Ne5 Be7
9.g4 Be4 10.Nxe4 Nxe4 11.h5 Nd7 12.Bd3 Nxe5 13.Bxe5 Bf6 14.Bh2 Qe7 15.Qe2 e5
16.Bxe4 dxe4 17.dxe5 Bg5 18.Qc4 Bxe3 19.fxe3 Qh4+ 20.Kd1 O-O-O+ 21.Kc1 Qf2
22.b3 Qxe3+ 23.Kb2 Rd2 24.e6 c6 25.exf7 Rf8 26.Qe6+ Kd8 27.Rad1 Qd4+ 28.Kc1 e3
29.Be5 Qe4 30.Bf6+  1-0

[Event "Capablanca mem Open"]
[Site "Havana CUB"]
[Date "2006.11.26"]
[Round "6"]
[White "Lawson,E"]
[Black "Gonzalez,Y"]
[Result "1/2-1/2"]
[WhiteElo "2393"]
[BlackElo "2502"]

1.d4 Nf6 2.Bg5 Ne4 3.Bf4 e6 4.e3 d5 5.Bd3 c5 6.Bxe4 dxe4 7.Nc3 cxd4 8.Qxd4 Qxd4
9.exd4 f5 10.f3 exf3 11.Nxf3 Bb4 12.O-O-O Bxc3 13.bxc3 O-O 14.Bxb8 Rxb8 15.c4 b5
16.cxb5 Rxb5 17.Rd3 Ra5 18.Kb2 Bb7 19.c4 Bxf3 20.gxf3 Rc8 21.Rc1 e5 22.dxe5 Rxe5  1/2-1/2

[Event "ch-ESP Abierto"]
[Site "Leon ESP"]
[Date "2006.11.28"]
[Round "7"]
[White "Vigil Alvarez,L"]
[Black "Casares Cabanas,C"]
[Result "1/2-1/2"]
[WhiteElo "2324"]
[BlackElo "2239"]

1.d4 Nf6 2.Bg5 Ne4 3.Bf4 c5 4.f3 Qa5+ 5.c3 Nf6 6.Nd2 cxd4 7.Nb3 Qb6 8.Qxd4 Nc6
9.Qxb6 axb6 10.Nd4 e5 11.Nxc6 dxc6 12.Bxe5 Be6 13.a3 Nd7 14.Bf4 Nc5 15.e4 O-O-O
16.Rd1 Be7 17.Rxd8+ Rxd8 18.Be2 b5 19.Nh3 Bxh3 20.gxh3 Nd3+ 21.Bxd3 Rxd3
22.Ke2 Rd8 23.Rg1 g6 24.Bg5 f6 25.Be3 Kd7 26.Bb6 Rf8 27.Rd1+ Ke6 28.Bc7 Rc8
29.Bg3 Rd8 30.Rxd8 Bxd8 31.Kd3 Be7 32.h4 h5 33.Bf4 Bc5 34.c4 bxc4+ 35.Kxc4 Bg1
36.a4 Bf2 37.Bg3 Be3 38.b4 Bg1 39.b5 cxb5+ 40.Kxb5 Kd7 41.Bf4 Bf2 42.Bg3 Bg1
43.h3 Be3 44.Be1 f5 45.Bc3 fxe4 46.fxe4 Bf2 47.Bf6 Ke6 48.e5 Kd5 49.a5 Ke6
50.Kc4 Bg1 51.Kb4 Bd4 52.Kb5 Bf2 53.Kc4 Be1 54.Kb5 Bf2 55.Bd8 Kxe5 56.Bb6 Bxh4
57.Bc7+ Kf5 58.Kb6 Be1 59.Kxb7 Bxa5 60.Bxa5 g5  1/2-1/2

[Event "ch-ROM w"]
[Site "Predeal ROM"]
[Date "2006.11.28"]
[Round "2"]
[White "Paulet,I"]
[Black "Ionica,I"]
[Result "1-0"]
[WhiteElo "2167"]
[BlackElo "2231"]

1.d4 Nf6 2.Bg5 Ne4 3.Bf4 e6 4.f3 Bd6 5.Bxd6 Nxd6 6.e4 f5 7.e5 Nf7 8.f4 O-O
9.Nf3 d6 10.Nc3 dxe5 11.dxe5 Qe7 12.Bd3 Qc5 13.Qd2 Nc6 14.O-O-O Nb4 15.h3 b6
16.Qe2 Nxd3+ 17.Qxd3 Bb7 18.Nd4 Rad8 19.Rhg1 Nh6 20.Qe3 Rd7 21.Rd3 Qe7 22.g3 a6
23.Rgd1 Rdd8 24.Qd2 Nf7 25.Nb3 Bf3 26.Re1 Rxd3 27.Qxd3 Bb7 28.Qc4 Nd8 29.Rd1 Re8
30.h4 Nc6 31.Nd4 Na5 32.Qd3 b5 33.Nb3 Nc4 34.Qd7 Kf7 35.Nc5 Bc8 36.Qxe7+ Rxe7
37.Rd3 Re8 38.b3 Nb6 39.a3 Ke7 40.Na2 Nd5 41.c4 bxc4 42.bxc4 Nb6 43.Rc3 Rd8
44.Nb4 Kf7 45.Nc6 Re8 46.Nb4 a5 47.Nc6 a4 48.Kb2 Bd7 49.Nb4 Rd8 50.Rc1 Be8
51.Kc3 Ra8 52.Rd1 Ra5 53.Nba6 Nd7 54.Rxd7+ Bxd7 55.Kb4 Rxa6 56.Nxa6 Kg6 57.Nxc7 Kh5
58.Kc5 Kg4 59.Kd6 Bc8 60.Nxe6  1-0

[Event "XIV Salona GM"]
[Site "Solin CRO"]
[Date "2006.11.28"]
[Round "5"]
[White "Stefanova,A"]
[Black "Kurajica,B"]
[Result "1-0"]
[WhiteElo "2489"]
[BlackElo "2555"]

1.d4 Nf6 2.Bg5 Ne4 3.Bf4 d5 4.e3 c5 5.Bd3 cxd4 6.Bxe4 dxe4 7.exd4 e5 8.Bxe5 Nc6
9.Nc3 Qa5 10.Bf4 Ba3 11.Bc1 Bb4 12.d5 Ne7 13.Bd2 O-O 14.Nge2 Bf5 15.O-O Rfd8
16.Nf4 Ng6 17.Nh5 Qc5 18.Qe2 f6 19.Rad1 Bxc3 20.Bxc3 Rxd5 21.Rxd5 Qxd5 22.Bxf6 Qf7
23.Bxg7 Nh4 24.Bc3 Nf3+ 25.gxf3 Qxh5 26.Qc4+ Kf8 27.Qc5+ Kf7 28.Qc7+ Ke8
29.Qe5+ Kf7 30.Qg7+ Ke8 31.Qg8+  1-0

[Event "ch-ESP Abierto"]
[Site "Leon ESP"]
[Date "2006.11.30"]
[Round "9"]
[White "Linan Baena,J"]
[Black "Casares Cabanas,C"]
[Result "1/2-1/2"]
[WhiteElo "2177"]
[BlackElo "2239"]

1.d4 Nf6 2.Bg5 Ne4 3.Bf4 c5 4.f3 Qa5+ 5.c3 Nf6 6.Nd2 cxd4 7.Nb3 Qb6 8.Qxd4 Nc6
9.Qxb6 axb6 10.Be3 Na5 11.Nd2 b5 12.Bf2 d6 13.e4 Bd7 14.b4 Nc4 15.Nxc4 bxc4
16.Bxc4 Rc8 17.Bb3 Rxc3 18.Kd2 Rc8 19.Ne2 e6 20.a3 Be7 21.Rhc1 O-O 22.g4 h6
23.h4 Rxc1 24.Kxc1 Rc8+ 25.Kd2 Ra8 26.Ra2 Kf8 27.Nf4 g6 28.Nd3 Ke8 29.a4 e5
30.b5 Bd8 31.b6 Be6 32.Kc3 Nd7 33.Bxe6 fxe6 34.Kb4 Nxb6 35.Bxb6 Bxb6 36.Kb5 Bd4
37.f4 exf4 38.Nxf4 Kd7 39.Nxg6 Rg8 40.h5 Rc8 41.a5 Rc5+ 42.Kb4 Bc3+ 43.Kb3 Rxa5
44.Rf2 Bd4 45.Rf7+ Kc6 46.Nf4 Re5 47.Kc4 Rxe4 48.Kd3 d5 49.Nxe6 Rxe6 50.Kxd4 Re4+
51.Kd3 Rxg4 52.Rf6+ Kc5 53.Rxh6 Rg3+ 54.Kd2 Rh3 55.Rh8 Kd4 56.h6 b5 57.h7 Rd3+
58.Kc2 Rc3+ 59.Kb2 Rc7 60.Kb3 Re7 61.Kb4 Ke4 62.Kxb5 d4 63.Kc4 Rc7+ 64.Kb3 Kd3
65.Kb2 Re7 66.Kb3 Rb7+ 67.Ka3 Re7 68.Kb3 Ke3 69.Kc2 Rc7+  1/2-1/2

[Event "ch-ESP Abierto"]
[Site "Leon ESP"]
[Date "2006.11.30"]
[Round "9"]
[White "Crespo Arce,M"]
[Black "Garcia Gonzalez,M"]
[Result "1-0"]
[WhiteElo "1822"]
[BlackElo "2152"]

1.d4 Nf6 2.Bg5 Ne4 3.Bf4 d5 4.Nd2 Nd6 5.e3 Bf5 6.c4 e6 7.c5 Ne4 8.Nxe4 Bxe4
9.Nf3 Be7 10.Bd3 O-O 11.O-O Bxf3 12.Qxf3 f5 13.Be5 c6 14.Qg3 Rf7 15.Bc7 Qf8
16.Bxb8 Rxb8 17.f4 Qd8 18.Qe1 Kh8 19.b4 Qe8 20.a4 g5 21.b5 g4 22.g3 Bd8 23.Qb4 Ra8
24.a5 h5 25.b6 a6 26.Ra2 Bf6 27.Qe1 Rh7 28.Kf2 h4 29.Ke2 Qh5 30.Kd1 Qg6 31.Rg2 Kg7
32.Rff2 Kf7 33.Qe2 Qg7 34.Qd2 hxg3 35.hxg3 Rh1+ 36.Rf1 Rah8 37.Rxh1 Rxh1+
38.Kc2 Bxd4 39.exd4 Qxd4 40.Kb3 Ra1 41.Bc2 Qc4+ 42.Kb2 Qa2+ 43.Kc3 Qxa5+
44.Kd4 Qa2 45.Ke5 Qb2+ 46.Kd6 Qf6 47.Kc7 Qe7+ 48.Kb8 Qxc5 49.Ka7 Ra2 50.Qc1 Ra5
51.Rh2 Kg8 52.Qh1 Qd4 53.Rh7 Ra1 54.Qh5 Qf6 55.Rxb7 Kf8 56.Rb8+ Ke7 57.Qe8+ Kd6
58.Rd8+ Kc5 59.Qd7 Qd4 60.Qd6+ Kb5 61.Qc7 Rc1 62.Bd3+ Qxd3 63.b7  1-0

[Event "Polyarniy Krug"]
[Site "Salekhard RUS"]
[Date "2006.11.30"]
[Round "2"]
[White "Elfert,A"]
[Black "Chuprov,D"]
[Result "0-1"]
[WhiteElo "2187"]
[BlackElo "2511"]

1.d4 Nf6 2.Bg5 Ne4 3.Bf4 d6 4.f3 Nf6 5.e4 Nbd7 6.d5 c6 7.c4 g6 8.Qd2 Bg7
9.Nc3 cxd5 10.cxd5 O-O 11.Rc1 a6 12.a4 Nc5 13.Bc4 Bd7 14.Ra1 b5 15.axb5 axb5
16.Rxa8 Qxa8 17.b4 Nfxe4 18.fxe4 Qa1+ 19.Nd1 Nxe4 20.Qc2 bxc4 21.Qxe4 Ba4
22.Qe2 c3 23.Nh3 c2 24.Nf2 Bc3+ 25.Bd2 c1=Q 26.O-O Qxd2 27.Qxe7 Bxd1 28.Ne4 Qe3+
29.Kh1 Qf4  0-1

[Event "12th Open"]
[Site "Navalmoral de la Mata ESP"]
[Date "2006.12.06"]
[Round "1"]
[White "Romero Lopez,M"]
[Black "Greenfeld,A"]
[Result "0-1"]
[WhiteElo "1985"]
[BlackElo "2567"]

1.d4 Nf6 2.Bg5 Ne4 3.Bf4 d5 4.Nf3 c5 5.c3 cxd4 6.cxd4 Nc6 7.e3 e6 8.Be2 g5
9.Bg3 h5 10.h3 Nxg3 11.fxg3 Bd6 12.O-O g4 13.hxg4 hxg4 14.Ne1 Qg5 15.Nc2 Qh6
16.Bxg4 Qh2+ 17.Kf2 Qxg3+  0-1

[Event "IM It"]
[Site "Eupen BEL"]
[Date "2006.12.09"]
[Round "2"]
[White "Komarov,D"]
[Black "Ahn,M"]
[Result "1-0"]
[WhiteElo "2540"]
[BlackElo "2312"]

1.d4 Nf6 2.Bg5 Ne4 3.Bf4 c5 4.f3 Qa5+ 5.c3 Nf6 6.d5 Qb6 7.e4 Qxb2 8.Nd2 Qxc3
9.Bc7 Qe3+ 10.Ne2 Na6 11.Nc4 Qh6 12.Ba5 g5 13.Ng3 d6 14.Ne3 b6 15.Bc3 Nc7
16.e5 dxe5 17.Bxe5 g4 18.f4 Kd8 19.d6 exd6 20.Nef5 Qg6 21.Nxd6 Ncd5 22.Bd3 Qg8
23.Nxc8 c4 24.Bxc4 Bb4+ 25.Ke2 Qe8 26.Bxd5 Qb5+ 27.Bc4+  1-0

[Event "6th Amplico AIG Life"]
[Site "Warsaw POL"]
[Date "2006.12.16"]
[Round "7"]
[White "Vass,F"]
[Black "Urban,K"]
[Result "0-1"]
[WhiteElo "2352"]
[BlackElo "2450"]

1.d4 Nf6 2.Bg5 Ne4 3.h4 c5 4.dxc5 Qa5+ 5.Nd2 Nxg5 6.hxg5 Qxc5 7.g6 fxg6 8.e3 Nc6
9.Ngf3 d6 10.Nb3 Qf5 11.Rh4 e5 12.g4 Qf6 13.g5 Qf7 14.Bc4 Be6 15.Bxe6 Qxe6
16.Qe2 Be7 17.O-O-O h5 18.Qb5 Rb8 19.Na5 O-O 20.Nxc6 bxc6 21.Qxc6 Qxa2 22.b3 Qa1+
23.Kd2 Qa5+ 24.Ke2 Qb5+ 25.Qxb5 Rxb5 26.Ra4 Rb7 27.Rd5 Rc8 28.Kd2 Kf7 29.Kd3 Rcc7
30.Ra6 Rb6 31.Ra4 Ke6 32.e4 Rb8 33.Ra6 Rb6 34.Ra1 Rb4 35.Rda5 Rbb7 36.Ra6 Rd7
37.R1a5 Kf7 38.Rd5 Ke8 39.Rc6 Rdc7 40.Ra6 Rb6 41.Ra1 Bf8 42.Nh4 Kf7 43.Rg1 Be7
44.Rg3 Rbc6 45.c4 Rb6 46.Kc2 Rcb7 47.Rf3+ Ke6 48.Rg3 Kf7 49.Rdd3 a5 50.Rgf3+ Ke6
51.Nxg6 a4 52.Nxe7 axb3+ 53.Kb2 Kxe7 54.g6 Ke6 55.Rh3 Rb4 56.Rc3 Rc7 57.Rxh5 Rcxc4
58.Rxc4 Rxc4 59.f3 Kf6 60.Kxb3 Rd4 61.Kc3 Kxg6 62.Rf5 Kh6 63.Kc2 g6 64.Rf8 Kg5
65.Kc3 Kh4 66.Rf6 g5 67.Rf5 Kg3 68.Rf7 Kf2 69.Rf5 Ke3 70.Rf6 g4 71.fxg4 Kxe4
72.g5 d5 73.g6 Rd3+ 74.Kc2 Rg3 75.Kd2 d4 76.Ke2 Rg5 77.Kf2 Kd3 78.Kf3 e4+
79.Kf4 Rg1 80.Re6 e3 81.Kf3 Rf1+ 82.Kg2 Rf5 83.Kg3 e2 84.g7 Rg5+ 85.Kf2 Rxg7
86.Ke1 Rg1+ 87.Kf2 Rf1+  0-1

[Event "6th Amplico AIG Life"]
[Site "Warsaw POL"]
[Date "2006.12.17"]
[Round "13"]
[White "Nguyen,P"]
[Black "Adamski,J"]
[Result "0-1"]
[WhiteElo "2211"]
[BlackElo "2355"]

1.d4 Nf6 2.Bg5 Ne4 3.Bf4 c5 4.f3 Qa5+ 5.c3 Nf6 6.Nd2 cxd4 7.Nb3 Qf5 8.Qxd4 Nc6
9.Qd2 e5 10.Bg3 d5 11.e3 Be7 12.Bd3 Qh5 13.Ne2 O-O 14.Bf2 Rd8 15.Ng3 Qh6
16.O-O-O a5 17.e4 Qxd2+ 18.Nxd2 Be6 19.Kb1 g6 20.h4 Rab8 21.Bb6 Rdc8 22.h5 Nd7
23.exd5 Bxd5 24.Bf2 b5 25.Bxb5 Bxa2+ 26.Kxa2 Rxb5 27.hxg6 hxg6 28.Rh2 Nf6
29.Nge4 Nxe4 30.Nxe4 Rcb8 31.Rd2 a4 32.Bh4 Bxh4 33.Rxh4 Na5 34.Nd6 R5b6 35.Rxa4 Nb3
36.Rd1 Nc5 37.Rb4 Ra6+ 38.Kb1 Rd8 39.Rb5 Na4 40.Rbd5 Rb8 41.Nb5 Kg7 42.Rxe5 Ra5
43.c4 Nb6 44.b3 Rba8 45.Nc3 Rxe5 46.Rd6 Re6 47.Rd2 Rc8 48.Ne4 Nxc4 49.bxc4 Rxc4
50.Rb2 Rcc6 51.Ng5 Re1+ 52.Ka2 Rec1 53.Rb7 Rc7 54.Rxc7 Rxc7 55.Kb3 Rc8 56.Ne4 f5
57.Nd6 Rc1 58.Nc4 Rg1 59.Ne3 f4 60.Nd5 g5  0-1

[Event "Masters"]
[Site "Singapore SIN"]
[Date "2006.12.26"]
[Round "1"]
[White "Romanov,Al"]
[Black "Gu Xiaobing"]
[Result "1-0"]
[WhiteElo "2430"]
[BlackElo "2361"]

1.d4 Nf6 2.Bg5 Ne4 3.Bf4 c5 4.f3 Nf6 5.d5 g6 6.c4 Bg7 7.Qd2 O-O 8.Nc3 Nh5
9.Bh6 Bxh6 10.Qxh6 e6 11.g4 Nf6 12.Nh3 exd5 13.cxd5 Re8 14.Ng5 d6 15.Nce4 Qa5+
16.Kf2 Rxe4 17.Nxe4 Nxe4+ 18.fxe4 Qb4 19.Qf4 Qxb2 20.Bg2 Nd7 21.Qxd6 Ne5
22.Bf3 Bxg4 23.Kg3 Qc3 24.Rac1 Qb2 25.Rb1 Qd4 26.Rhd1 Qc3 27.Rdc1 Qd4 28.Qxc5 Qd2
29.Qc3 Qg5 30.h4 Qh5 31.d6 Nxf3 32.exf3 Be6 33.Qf6 Qa5 34.h5 Qxh5 35.Rh1 Qc5
36.Rxh7  1-0

[Event "15th Donau Open"]
[Site "Aschach an der Donau AUT"]
[Date "2006.12.27"]
[Round "3"]
[White "Volkmann,F"]
[Black "Czakon,J"]
[Result "0-1"]
[WhiteElo "2421"]
[BlackElo "2486"]

1.d4 Nf6 2.Bg5 Ne4 3.Bf4 c5 4.f3 Qa5+ 5.c3 Nf6 6.d5 Qb6 7.e4 Qxb2 8.Nd2 Qxc3
9.Bc7 d6 10.Ne2 Qe5 11.g4 Nxg4 12.fxg4 Bxg4 13.Rb1 Nd7 14.Qa4 g6 15.Nc4 Qf6
16.e5 Qf5 17.Rxb7 Bh6 18.Bxd6 O-O 19.Qxd7 Qe4 20.Qxe7 Bxe2 21.Bxe2 Qxh1+
22.Bf1 Qxd5 23.Rb3 Qe4+ 24.Kf2 Rfe8 25.Qf6 Qc2+ 26.Kg1 a5 27.Rb7 Rf8 28.Bxf8 Rxf8
29.Rb2 Be3+ 30.Nxe3 Qxb2 31.Kh1 Qd4 32.Nc4 Rb8  0-1

[Event "1st Hotel Bern Open"]
[Site "Bern SUI"]
[Date "2006.12.27"]
[Round "3"]
[White "Cebalo,M"]
[Black "Haener,P"]
[Result "1-0"]
[WhiteElo "2489"]
[BlackElo "2212"]

1.d4 Nf6 2.Bg5 Ne4 3.Bf4 d5 4.e3 c5 5.Bd3 Nc6 6.Bxe4 dxe4 7.d5 Nb4 8.Nc3 e6
9.d6 Nc6 10.Nxe4 f5 11.Bg5 Qa5+ 12.Nc3 Ne5 13.Qh5+ g6 14.Qh4 Bxd6 15.O-O-O Qb6
16.Nf3 O-O 17.Rxd6 Qxd6 18.Be7 Nxf3 19.gxf3 Qc7 20.Bxf8 Kxf8 21.Rd1 Kg7 22.Nb5 Qc6
23.Qe7+ Kh6 24.Nd6 Kh5 25.Qxh7+ Kg5 26.h4+ Kf6 27.Qf7+ Ke5 28.f4+  1-0

[Event "Masters"]
[Site "Singapore SIN"]
[Date "2006.12.28"]
[Round "5"]
[White "Le Quang Liem"]
[Black "Goh Weiming"]
[Result "1-0"]
[WhiteElo "2519"]
[BlackElo "2408"]

1.d4 Nf6 2.Bg5 Ne4 3.Bf4 c5 4.f3 Qa5+ 5.c3 Nf6 6.Nd2 cxd4 7.Nb3 Qb6 8.Qxd4 Nc6
9.Qxb6 axb6 10.Nd4 e5 11.Nxc6 dxc6 12.Bxe5 Be6 13.e4 Nd7 14.Bd4 Rxa2 15.Rxa2 Bxa2
16.Bd3 Nc5 17.Bc2 b5 18.Ne2 Bc4 19.Kf2 Bd3 20.Bd1 Ne6 21.Be3 b4 22.Nd4 bxc3
23.bxc3 Nxd4 24.Bxd4 f6 25.Bb3 c5 26.Be3 Bd6 27.Bd5 Kd7 28.Rd1 c4 29.Ra1 Rb8
30.Bd4 Be5 31.Ke3 b5 32.Ra7+ Bc7 33.Bc5 Kd8 34.f4 g5 35.g3 h5 36.Kd4 gxf4
37.gxf4 Bf1 38.e5 fxe5+ 39.fxe5 b4 40.e6 b3 41.Bc6  1-0

[Event "15th Donau Open"]
[Site "Aschach an der Donau AUT"]
[Date "2006.12.30"]
[Round "6"]
[White "Nikolov,M"]
[Black "Balinov,I"]
[Result "1/2-1/2"]
[WhiteElo "2446"]
[BlackElo "2455"]

1.d4 Nf6 2.Bg5 Ne4 3.Bf4 c5 4.f3 Nf6 5.dxc5 Qa5+ 6.Qd2 Qxc5 7.e4 e6 8.c4 Nc6
9.Nc3 a6 10.Rc1 Qa5 11.Nh3 Be7 12.Nf2 O-O 13.Be2 Rd8 14.Bd6 Bxd6 15.Qxd6 Ne8
16.Qd2 d6 17.O-O e5 18.Nfd1 Be6 19.Ne3 Nd4 20.Rfd1 Nf6 21.Bf1 Kf8 22.Ne2 Nxe2+
23.Bxe2 Qxd2 24.Rxd2 Ke7 25.Rcd1 g6 26.Kf2 a5 27.Nc2 Ne8 28.Na3 Bd7 29.Nb1 Bc6
30.Nc3 Ng7 31.Bf1 Ne6 32.g3 Nc5 33.Ke3 Ra6 34.b3 Raa8 35.Rb1 Ne6 36.Rbd1 Nd4
37.Ne2 Ne6 38.Nc3 Nc5 39.Rb1 Ra7 40.Bh3 Raa8 41.a3 Rf8 42.Rc2 f5 43.exf5 gxf5
44.f4 exf4+ 45.Kxf4 Be4 46.Nxe4 fxe4+ 47.Bf5 Ne6+ 48.Kxe4 Rxf5 49.Kxf5 Nd4+
50.Ke4 Nxc2 51.Kd3 Nxa3 52.Ra1 Nxc4 53.Kxc4 Rc8+ 54.Kd4 Rc5 55.g4 Rb5 56.Kc3 b6
57.h3 Ke6 58.Rf1 Re5 59.Kd4 Rd5+ 60.Kc3 Re5 61.Kd4 d5 62.Rf8 Re4+ 63.Kd3 Rb4
64.Kc2 h5 65.g5 Ke7 66.Rf5 Rh4 67.g6 Rxh3 68.g7 Rg3 69.Rxd5 h4 70.Rh5 Rxg7
71.Rxh4 Kd6 72.b4 Rg2+ 73.Kb3 Rg3+ 74.Ka4 axb4 75.Kxb4  1/2-1/2

[Event "Keres Mem B"]
[Site "Tallinn EST"]
[Date "2007.01.06"]
[Round "1"]
[White "Smirnov,Arte"]
[Black "Lauk,U"]
[Result "1-0"]
[WhiteElo "2385"]
[BlackElo "2367"]

1.d4 Nf6 2.Bg5 Ne4 3.Bf4 c5 4.f3 Qa5+ 5.c3 Nf6 6.Nd2 cxd4 7.Nb3 Qd8 8.cxd4 d5
9.e3 Nc6 10.Bd3 e6 11.Bg3 Bd6 12.Bxd6 Qxd6 13.f4 Ne4 14.Bxe4 dxe4 15.Ne2 O-O
16.O-O Nb4 17.Nd2 f5 18.Nc4 Qa6 19.Ne5 Nd5 20.Qd2 b6 21.Nc3 Bb7 22.Rfc1 Rac8
23.a3 Rfe8 24.Kf2 h6 25.Qe2 Nxc3 26.Qxa6 Bxa6 27.Rxc3 Rxc3 28.bxc3 Rc8 29.Rc1 Bc4
30.Ke1 Kf8 31.Kd2 Ke7 32.h4 h5 33.Rh1 Bb5 34.Rb1 Be8 35.c4 Kd6 36.Kc3 Kc7
37.Kb4 Rb8 38.Rd1 a5+ 39.Kc3 b5 40.Rb1 Rc8 41.cxb5 Kd6+ 42.Kd2 a4 43.b6 Rb8
44.b7  1-0

[Event "Hilton Open"]
[Site "Basel SUI"]
[Date "2007.01.07"]
[Round "7"]
[White "Aerni,A"]
[Black "Lurje,P"]
[Result "1-0"]
[WhiteElo "2024"]
[BlackElo "2169"]

1.d4 Nf6 2.Bg5 Ne4 3.Bf4 d5 4.e3 c5 5.Bd3 Nc6 6.Bxe4 dxe4 7.d5 Nb4 8.Nc3 e6
9.dxe6 Bxe6 10.a3 Qxd1+ 11.Rxd1 Nxc2+ 12.Kd2 Bb3 13.Kc1 Nxa3 14.bxa3 Bxd1
15.Kxd1 O-O-O+ 16.Kc2 c4 17.Nge2 Bxa3 18.Ra1 Bc5 19.Nxe4 Bb4 20.Rxa7 f5 21.Ra4 fxe4
22.Rxb4 Kd7 23.Rxb7+ Ke6 24.Rxg7 Rhg8 25.Rxh7 Rxg2 26.Bg3 Kf6 27.Nf4  1-0

[Event "Petrovskaya Ladya GM"]
[Site "Peterhof RUS"]
[Date "2007.01.07"]
[Round "6"]
[White "Rusanov,M"]
[Black "Yevseev,D"]
[Result "1/2-1/2"]
[WhiteElo "2436"]
[BlackElo "2522"]

1.d4 Nf6 2.Bg5 Ne4 3.Bf4 c5 4.f3 Qa5+ 5.c3 Nf6 6.Nd2 cxd4 7.Nb3 Qd8 8.cxd4 d5
9.e3 e6 10.Bd3 Nc6 11.Ne2 Nh5 12.Bg3 Nxg3 13.hxg3 g6 14.f4  1/2-1/2

[Event "XXXII Open"]
[Site "Seville ESP"]
[Date "2007.01.07"]
[Round "1"]
[White "Campora,D"]
[Black "Mena Castillo,L"]
[Result "1-0"]
[WhiteElo "2510"]
[BlackElo "1780"]

1.d4 Nf6 2.Bg5 Ne4 3.Bh4 g5 4.f3 gxh4 5.fxe4 c5 6.e3 Qb6 7.Nc3 Bh6 8.Kf2 Nc6
9.Nd5 Qd8 10.Qh5 Bg7 11.c3 e6 12.Nf3 exd5 13.exd5 Ne7 14.d6 Ng6 15.Qxc5 O-O
16.Bc4 h6 17.Rhf1 h3 18.g3 b6 19.Qh5 Qf6 20.Kg1 Bb7 21.Nh4 Qxd6 22.Nxg6 Kh7
23.Nxf8+ Rxf8 24.Rxf7 Qc6 25.Qf5+  1-0